Stany, które pokonują Kalifornię - Statystyki

Ogólne statystyki
  • Ten quiz został rozwiązany 18 razy
  • Średni wynik to 7 z 20
Statystyki odpowiedzi
Ranga Wskazówka Odpowiedź % Poprawnych
3 Największa powierzchnia Alaska | Teksas
100%
10 Najniższe średnie opady Nevada | Arizona | Utah | Nowy Meksyk | Wyoming | Kolorado | Dakota Północna | Montana | Dakota Południowa
87%
3 Najwyższy odsetek mieszkańców pochodzenia latynoskiego Nowy Meksyk | Teksas
60%
3 Najwięcej turystów z zagranicy Nowy Jork | Floryda
47%
2 Najwyższe ceny domów Hawaje
40%
2 Największa maksymalna wysokość Alaska
33%
2 Najwięcej kortów golfowych Floryda
33%
2 Najbardziej ruchliwe lotnisko Georgia
33%
2 Najwięcej koni Teksas
33%
4 Najstarszy park narodowy Wyoming | Montana | Idaho
33%
7 Największy procent chrześcijan Rhode Island | Massachusetts | New Jersey | Nowy Meksyk | Nowy Jork | Connecticut
27%
4 Najniższy % wyborców Donalda Trumpa w 2020 roku Vermont | Massachusetts | Maryland | Hawaje
27%
2 Najwięcej trzęsień ziemi o magnitudzie 7,0 od 1900 roku Alaska
20%
3 Największa całkowita populacja rdzennych Amerykanów Arizona | Oklahoma
20%
5 Największa mediana dochodów Maryland | Massachusetts | New Jersey | Hawaje
20%
2 Najwyższy odsetek mieszkańców Azji Hawaje
20%
4 Najniższy wskaźnik otyłości Kolorado | Massachusetts | Hawaje
20%
5 Najwcześniejsza data uzyskania statusu stanu na zachód od rzeki Missisipi Missouri | Arkansas | Teksas | Iowa
20%
2 Najwyższe średnie zarobki programistów komputerowych Waszyngton
7%
2 Największa utrata populacji od czasu spisu powszechnego z 2020 roku Nowy Jork
0%
Nie znaleziono quizów pasujących do podanych kryteriów
Rozkład punktacji
Procent ludzi z każdym wynikiem
Percentyl według liczby udzielonych odpowiedzi
Twoja historia wyników
Nie rozwiązałeś tego quizu